Datum a čas kvízu
43
Celkem bodů
Celkový počet nahraných bodů na tomto kvízu bez doplňovacích otázek.
3.
Pořadí na kvízu
Konečné umístění týmu na tomto kvízu.
Zaznamenané odpovědi
| # | Otázka | Odpověď | Body | Výsledky |
|---|---|---|---|---|
| 1. | Nestává se často, aby naši zem... | Spojené arabské emiráty | 0 | |
| 2. | Letošní mimořádně teplé a such... | dinosauří stopy | 1 | |
| 3. | V pondělí byl na stanici HBO o... | Rod Draka | 1 | |
| 4. | Na webu Finanční správy ČR lze... | erotické pomůcky | 1 | |
| 5. | Jak se jmenuje česká tenistka,... | Petra Kvitová | 1 | |
| 6. | Jak se nazývá vědní obor, kter... | B) cetologie | 1 | |
| 7. | Na kterého kytovce vyplazuje j... | na kosatku | 1 | |
| 8. | Většina zemí se členstvím v Me... | Norsko, Island, Japonsko | 1 | |
| 9. | Které z těchto zvířat nepatří... | D | 0 | |
| 10. | Ve střevech vorvaně se nachází... | ambra | 1 |